Wonderkids who could play at 2026 World Cup - Statistics

General Stats
  • This quiz has been taken 14 times
  • The average score is 13 of 79
Answer Stats
Nation Club Answer % Correct
England Borussia Dortmund Jobe Bellingham
91%
Spain Barcelona Lamine Yamal
55%
Turkey Real Madrid Arda Güler
45%
Brazil Real Madrid Endrick
45%
Brazil Chelsea Estêvão
45%
England Arsenal Ethan Nwaneri
45%
England Arsenal Myles Lewis-Skelly
45%
England Tottenham Archie Gray
36%
Argentina Manchester City Claudio Echeverri
36%
France PSG Désiré Doué
36%
Mexico Club Tijuana Gilberto Mora
36%
Turkey Juventus Kenan Yildiz
36%
Portugal Porto Rodrigo Mora
36%
France PSG Senny Mayulu
36%
USA Inter Miami Benjamin Cremaschi
27%
Argentina Real Madrid Franco Mastantuono
27%
Belgium Borussia Dortmund Julien Duranville
27%
Ecuador Chelsea Kendry Paez
27%
England Manchester United Kobbie Mainoo
27%
Sweden Tottenham Lucas Bergvall
27%
Spain Barcelon Pau Cubarsí
27%
Brazil Manchester City Vitor Reis
27%
Belgium RB Leipzig Arthur Vermeeren
18%
Scotland Liverpool Ben Doak
18%
Greece Brighton Charalampos Kostoulas
18%
Morocco Monaco Eliesse Ben Seghir
18%
Portugal Sporting Geovany Quenda
18%
England Brighton Jack Hinshelwood
18%
Netherlands Ajax Jorrel Hato
18%
Greece Genk Konstantinos Karetsas
18%
France Manchester United Leny Yoro
18%
England Newcastle Lewis Miley
18%
Spain Barcelona Marc Bernal
18%
Spain Chelsea Marc Guiu
18%
France Tottenham Mathys Tel
18%
Belgium Anderlecht Nathan De Cat
18%
Australia Bayern München Nestory Irankunda
18%
Norway Rosenborg Sverre Nypan
18%
England Southampton Tyler Dibling
18%
Argentina Inter Milan Valentini Carboni
18%
France PSG Warren Zaïre-Emery
18%
Senegal Como Assane Diao
9%
Argentina River Plate Augustín Ruberto
9%
Denmark Manchester United Chido Obi
9%
Spain Real Madrid Dean Huijsen
9%
Italy Milan Francesco Camarda
9%
Argentina Benfica Gianluca Prestianni
9%
Spain Barcelona Guille Fernandez
9%
Belgium Ajax Jorthy Mokio
9%
Germany Bayern München Lennart Karl
9%
Brazil West Ham Luis Guilherme
9%
Croatia Tottenham Luka Vušković
9%
England Arsenal Max Dowman
9%
England Tottenham Mikey Moore
9%
Germany Bayern München Paul Wanner
9%
England Liverpool Rio Ngumoha
9%
Morocco Bayern München Adam Aznou
0%
Argentina Botafogo Àlvaro Montoro
0%
Senegal Fc Metz Amara Diouf
0%
Serbia Red Star Belgrade Andrija Maksimović
0%
Germany RB Leipzig Assan Ouéraogo
0%
France Lille Ayyoub Bouaddi
0%
France Bournemouth Eli Junior Kroupi
0%
Brazil PSG Gabriel Moscardo
0%
Nigeria Monaco George Ilenikhena
0%
Italy Inter Milan Giacomo De Pieri
0%
Italy Parma Giovanni Leoni
0%
Netherlands PSV Isaac Babadi
0%
England Leicester City Jeremy Monga
0%
France RB Salzburg Joane Gadou
0%
Sweden Bayern München Jonah Kusi-Asare
0%
Netherlands Ajax Julian Rijkhoff
0%
Ecuador Independiente del Valle Justin Lerma
0%
Argentina Boca Juniors Matías Satas
0%
Italy Milan Mattia Liberali
0%
Germany Monaco Paris Brunner
0%
Croatia Dinamo Zagreb Rafael Belinho
0%
Italy Udinese Simone Pafundi
0%
Brazil Palmeiras Vitor Roque
0%
No matching quizzes found
Score Distribution
Percent of People with Each Score
Percentile by Number Answered
Your Score History
You have not taken this quiz